New patterns for comparative religion: passages to an evolutionary perspective/

Salvato in:
Dettagli Bibliografici
Autore principale: PADEN, William E.
Natura: Libro
Lingua:inglese
Pubblicazione: Bloomsbury Academic 2016
Tags: Aggiungi Tag
Nessun Tag, puoi essere il primo ad aggiungerne!!

MARC

LEADER 00000nam a22000007a 4500
008 210906b ||||| |||| 00| 0 eng d
020 |a  978-1-35005789-0 
100 |a PADEN, William E. 
245 |a New patterns for comparative religion:   |b passages to an evolutionary perspective/   |c William E. Paden.-   |e (Scientific studies of religion: inquiry and explanation)  |g ix, 253p. 
260 |b Bloomsbury Academic  |c  2016  |h London  |i 696269- Soc. Sci.  |i 696210  |i 696211  |l BL41 .P13  |m Religion – Methodology.  |m  Evolution – Religious aspects.   |m Title. 
500 |a “It includes references and index” 
942 |a lcc  |c BK  |e j. o. ifatola  |f 06/ 09/ 2021 
952 |0 0  |1 0  |2 lcc  |4 0  |6 BL0041 P13  |7 0  |9 3382  |a HOL  |b HOL  |c AF  |d 2021-09-06  |l 0  |o BL41 .P13  |p 2021-67090  |r 2021-09-06 00:00:00  |w 2021-09-06  |y BK 
952 |0 0  |1 0  |2 lcc  |4 0  |6 BL0041 P13  |7 0  |9 3383  |a HOL  |b HOL  |c AF  |d 2021-09-06  |l 0  |o BL41 .P13  |p 2021-67091  |r 2021-09-06 00:00:00  |w 2021-09-06  |y BK 
952 |0 0  |1 0  |2 lcc  |4 0  |6 BL0041 P13  |7 0  |9 3384  |a HOL  |b HOL  |c AF  |d 2021-09-06  |l 0  |o BL41 .P13  |p 2021-67092  |r 2021-09-06 00:00:00  |w 2021-09-06  |y BK 
952 |0 0  |1 0  |2 lcc  |4 0  |6 BL0041 P13  |7 0  |9 3385  |a HOL  |b ART  |c AF  |d 2021-09-06  |l 0  |o BL41 .P13  |p 2021-67093  |r 2021-09-06 00:00:00  |w 2021-09-06  |y BK 
999 |c 1684  |d 1684